| 000 | 00697cam a2200217 a 4500 | ||
|---|---|---|---|
| 001 | 000004741 | ||
| 005 | 20200929151508.0 | ||
| 008 | 800627s1939 ag 000 f spa | ||
| 040 |
_aDO-SdBNP _bspa _cBNPHU |
||
| 041 | 1 | 7 |
_aspa _hfre |
| 082 |
_a843.8 _bD886c |
||
| 100 | 1 |
_aDumas, Alexandre, _d1802-1870 _93715 |
|
| 240 | 1 | 4 |
_aLes quarante-cinq. _lEspañol |
| 245 | 1 | 4 |
_aLos cuarenta y cinco / _cAlejandro Dumas ; tradución, M. E. Biagosch. |
| 260 |
_aBuenos Aires : _bSopena, _c1939. |
||
| 300 |
_a361 p. ; _c24 cm. |
||
| 534 |
_pTítulo original: _tLes quarante-cinq. |
||
| 650 | 4 |
_aNovela francesa _91075 |
|
| 650 | 4 |
_aLiteratura francesa _91074 |
|
| 700 | 1 |
_aMaquet, Biagosch, M. E., _etr. _913786 |
|
| 999 |
_c4547 _d4547 |
||